<?xml version="1.0" encoding="UTF-8"?>
<collection xmlns="http://www.loc.gov/MARC21/slim">
 <record>
  <leader>00901nas a22002297a 4500</leader>
  <controlfield tag="003">BD-DhAAL</controlfield>
  <controlfield tag="005">20231009154645.0</controlfield>
  <controlfield tag="007">ta</controlfield>
  <controlfield tag="008">130626b20109999bg ar p      000    eng d</controlfield>
  <datafield tag="022" ind1=" " ind2=" ">
   <subfield code="a">2074-6628</subfield>
  </datafield>
  <datafield tag="040" ind1=" " ind2=" ">
   <subfield code="d">Bd-DhAAL</subfield>
  </datafield>
  <datafield tag="082" ind1=" " ind2=" ">
   <subfield code="a">892.5492</subfield>
  </datafield>
  <datafield tag="245" ind1=" " ind2=" ">
   <subfield code="a">East west journal of humanities</subfield>
  </datafield>
  <datafield tag="260" ind1=" " ind2=" ">
   <subfield code="a">Dhaka:</subfield>
   <subfield code="b">East West University;</subfield>
   <subfield code="c">2010-</subfield>
  </datafield>
  <datafield tag="300" ind1=" " ind2=" ">
   <subfield code="a">v. :</subfield>
   <subfield code="b">ill. ;</subfield>
   <subfield code="c">25 cm.</subfield>
  </datafield>
  <datafield tag="310" ind1=" " ind2=" ">
   <subfield code="a">Annual</subfield>
  </datafield>
  <datafield tag="650" ind1=" " ind2=" ">
   <subfield code="a">Literature</subfield>
   <subfield code="v">Periodicals</subfield>
   <subfield code="z">Bangladesh.</subfield>
   <subfield code="a">Language</subfield>
   <subfield code="v">Periodicals</subfield>
   <subfield code="z">Bangladesh</subfield>
   <subfield code="9">2223</subfield>
  </datafield>
  <datafield tag="700" ind1=" " ind2=" ">
   <subfield code="a">Alam,Fakrul</subfield>
   <subfield code="d">Editor.</subfield>
   <subfield code="9">2224</subfield>
  </datafield>
  <datafield tag="856" ind1=" " ind2=" ">
   <subfield code="3">Full text available on EWU Institutional Repository (Vol. 1, No. 1, 2007-Vol. 8, No. 1, 2018)</subfield>
   <subfield code="u">http://dspace.ewubd.edu:8080/handle/2525/2777</subfield>
  </datafield>
  <datafield tag="942" ind1=" " ind2=" ">
   <subfield code="2">ddc</subfield>
   <subfield code="c">CR</subfield>
   <subfield code="s">1</subfield>
  </datafield>
  <datafield tag="999" ind1=" " ind2=" ">
   <subfield code="c">13629</subfield>
   <subfield code="d">13629</subfield>
  </datafield>
  <datafield tag="952" ind1=" " ind2=" ">
   <subfield code="0">0</subfield>
   <subfield code="1">0</subfield>
   <subfield code="2">ddc</subfield>
   <subfield code="4">0</subfield>
   <subfield code="6">892_549200000000000_EAS</subfield>
   <subfield code="7">0</subfield>
   <subfield code="8">REF</subfield>
   <subfield code="9">22813</subfield>
   <subfield code="a">BRACUL</subfield>
   <subfield code="b">BRACUL</subfield>
   <subfield code="c">REF</subfield>
   <subfield code="d">2013-06-26</subfield>
   <subfield code="e">Exchange programme</subfield>
   <subfield code="h">Vol.03 (2012)</subfield>
   <subfield code="l">0</subfield>
   <subfield code="o">892.5492 EAS</subfield>
   <subfield code="r">2013-06-26</subfield>
   <subfield code="y">CR</subfield>
  </datafield>
 </record>
</collection>
